000 00318pab a2200133 454500
008 180718b1999 xxu||||| |||| 00| 0 eng d
245 _aAIDS and stigma in the United States
260 _c1999
300 _ap.1106-1243
362 _aApr
650 _aAIDS
773 _aAmerican Behavioral Scientist
909 _a41254
999 _c41254
_d41254